Simulation with Arena
সংরক্ষণ করুন:
| প্রধান লেখক: | , , |
|---|---|
| বিন্যাস: | গ্রন্থ |
| ভাষা: | ইংরেজি |
| প্রকাশিত: |
Boston
McGraw Hill
2002
|
| সংস্করন: | 2a. ed |
| মালা: | McGraw Hill Series in Industrial Engineering and Management Science
|
| বিষয়গুলি: | |
| ট্যাগগুলো: |
ট্যাগ যুক্ত করুন
কোনো ট্যাগ নেই, প্রথমজন হিসাবে ট্যাগ করুন!
|
MARC
| LEADER | 00000nam a2200000 a 4500 | ||
|---|---|---|---|
| 001 | UCL0038 | ||
| 003 | CL-VaPUC | ||
| 008 | 030612e20020000US |||||||||||||||||eng|d | ||
| 082 | 0 | 4 | |a 003.35369 |b KEL |2 21 |
| 100 | |a Kelton, W. David |e author |9 584640 | ||
| 700 | 0 | |a Sadowski, Randall P |e author |9 476722 | |
| 700 | 0 | |a Sadowski, Deborah A |e author |9 476723 | |
| 245 | 1 | 0 | |a Simulation with Arena |
| 250 | |a 2a. ed | ||
| 300 | |a 631 p | ||
| 942 | |c BK | ||
| 945 | |d 20030612 00:00:00 |a vberengu | ||
| 260 | |a Boston |b McGraw Hill |c 2002 | ||
| 500 | |a Incluye cd | ||
| 650 | 0 | |a Simulación por computador |9 260988 | |
| 650 | 7 | |a MODELOS DE SIMULACION |2 CL-VaPUC |9 476724 | |
| 650 | 0 | |a Arena |9 261219 | |
| 583 | |a last modification |c 20030612 00:00:00 |k Rodrigo Vera | ||
| 490 | 0 | |a McGraw Hill Series in Industrial Engineering and Management Science | |
| 999 | |c 304071 |d 304069 | ||